00570nam a22001697a 450000500170000001000150001702000260003203500130005803700130007108200100008410000190009424500890011326000510020227000820025330000250033550000400036020140214153240.0 aENG-108493 a9789382601029c350.00 aEN-92026 bDBAD/PUB a423.1 aDowling, Dave  aThe dictionary of worthless words :cby Dave Dowlingb3000 words to stop using now / aGreater NoidabeVookz Learning Solutionsc2010 a10, Parshwanath Edens, Sector, Alpha-11bGreater Noida, Uttar Pradeshe110063 aviii,252p.c20cm(Hb) aIncludes bibliographical references